| 000 | 00615nam a22002057a 4500 | ||
|---|---|---|---|
| 999 |
_c18178 _d18178 |
||
| 003 | AR-CdUCM | ||
| 008 | 190513b ||||| |||| 00| 0 spa d | ||
| 040 |
_aMUNICIPALIDAD PROVINCIAL DEL CUSCO _cBIBLIOTECA MUNICIPAL DEL CUSCO |
||
| 082 |
_a869.2 / _bR11 |
||
| 100 |
_aRabinovich, Jose _927527 |
||
| 245 | _aHombre Escatimado / | ||
| 260 |
_aBuenos Aires : _bDead Weight, _c1969. |
||
| 300 |
_a155 paginas ; _c20 cm. |
||
| 505 | _aContenido: Poesias Argentinas | ||
| 650 |
_aPoesia _91598 |
||
| 650 |
_aLiteratura _983 |
||
| 700 |
_aFernandez, Albino _938624 |
||
| 942 |
_2ddc _cLIBROS |
||
| 945 |
_apjha _d2019-05-13 |
||